00754cgm a22002415a 4500001000500000005001700005020001800022040002400040050001400064082001200078100002200090245004800112250002600160260003600186300005900222490003000281500006300311505000800374520007000382521001900452521002000471655002100491286420250815163406.0 a9780590761550 aDLCcDLCeamimbeng00aQC971.C23 a538.768 aCanizares, Susan 04aThe Northern lights /cby Canizares, Susan  aPrinted in the U.S.A  c1998aNew York :bScholastic ,  a12 unnumbered pages :bcolor illustrations ; c19 cm.  a Science Emergent Readers aSource(s) used: copyright data sheet; copyright data base. aA  aFocuses on the beauty of the colors found in the northern lights. a70 bLexile  aA bRaz-Plus  7aAnimation2migfg